000 00692nam a22002417a 4500
005 20170124110237.0
010 _aB-167140
020 _c690.00
_a9788125026952
035 _aB-167140
037 _bCen Lib/Ret
040 _aDPL
_bEN
082 _a616.7
_bKRI
100 _aKrishna, V.
_942199
245 _aTextbook of pathology /
_cby V.Krishna
260 _aHyedrabad
_bOrient Longman
_c2004
270 _a3-6-752, Himayat Nagar
_bHyedrabad
_e500029
300 _axxvi,1315p. :
_b23cm(Hb)
_cill.
500 _aIncludes index
650 _aPathology
_920793
650 _aDiseases--Causes and theories
_942200
700 _942177
942 _2ddc
_cEN
_h616.7
_kKRI
999 _c134933
_d134933